Á lódáil...

Economics of agricultural production and resource use /

Sonraí Bibleagrafaíochta
Príomhúdar: Heady, Earl O.
Formáid: Printed Book
Teanga:English
Foilsithe: New Jersy : PHI, 1968.
LEADER 00500nam a22001457a 4500
008 170310b xxu||||| |||| 00| 0 eng d
999 |c 162907  |d 162907 
020 |a . 
082 |a 338.1  
100 |a Heady, Earl O. 
245 |a Economics of agricultural production and resource use /  |c Earl O. Heady 
260 |b PHI,  |c 1968.  |a New Jersy : 
300 |a 850 p. 
942 |c BK 
952 |0 0  |1 0  |4 0  |6 338_100000000000000_HEA_E  |7 0  |9 178954  |a CMS  |b CMS  |c ST1  |d 2017-03-10  |i 2326  |l 0  |o 338.1 HEA/E  |p CMS2326  |r 2017-03-10  |w 2017-03-10  |y BK